00275nam a2200109Ia 4500008004100000041001200041082001100053100001800064245007100082260000600153650000600159221030s9999 xx 000 0 und d aEnglish a105.23 aM. S. Mahajan 0aIndustrial Engineering and Production Managementcby M. S. Mahajan c0 aB